<?xml version="1.0" encoding="UTF-8"?>
<record
    xmlns:xsi="http://www.w3.org/2001/XMLSchema-instance"
    xsi:schemaLocation="http://www.loc.gov/MARC21/slim http://www.loc.gov/standards/marcxml/schema/MARC21slim.xsd"
    xmlns="http://www.loc.gov/MARC21/slim">

  <leader>01343nam0a22002651  4500</leader>
  <controlfield tag="001">rc\3263657</controlfield>
  <controlfield tag="005">20250609171840.0</controlfield>
  <datafield tag="021" ind1=" " ind2=" ">
    <subfield code="a">RU</subfield>
    <subfield code="b">&#x420;&#x433;11820-70</subfield>
  </datafield>
  <datafield tag="021" ind1=" " ind2=" ">
    <subfield code="a">RU</subfield>
    <subfield code="b">70-24985</subfield>
  </datafield>
  <datafield tag="035" ind1=" " ind2=" ">
    <subfield code="a">(NLR Aleph) 007388257</subfield>
  </datafield>
  <datafield tag="090" ind1=" " ind2=" ">
    <subfield code="a">6582619</subfield>
    <subfield code="c">6582619</subfield>
  </datafield>
  <datafield tag="100" ind1=" " ind2=" ">
    <subfield code="a">20130115d1970    |||y0rusy50      ca</subfield>
  </datafield>
  <datafield tag="101" ind1="0" ind2=" ">
    <subfield code="a">rus</subfield>
  </datafield>
  <datafield tag="102" ind1=" " ind2=" ">
    <subfield code="a">RU</subfield>
  </datafield>
  <datafield tag="105" ind1=" " ind2=" ">
    <subfield code="a">y   z   |||||</subfield>
  </datafield>
  <datafield tag="200" ind1="1" ind2=" ">
    <subfield code="a">&#x422;&#x435;&#x437;&#x438;&#x441;&#x44B; &#x434;&#x43E;&#x43A;&#x43B;&#x430;&#x434;&#x43E;&#x432;</subfield>
    <subfield code="f">&#x41C;-&#x432;&#x43E; &#x447;&#x435;&#x440;&#x43D;&#x43E;&#x439; &#x43C;&#x435;&#x442;&#x430;&#x43B;&#x43B;&#x443;&#x440;&#x433;&#x438;&#x438; &#x423;&#x421;&#x421;&#x420;. &#x413;&#x43B;&#x430;&#x432;&#x44D;&#x43D;&#x435;&#x440;&#x433;&#x43E;. &#x42D;&#x43D;&#x435;&#x440;&#x433;&#x435;&#x442;. &#x441;&#x435;&#x43A;&#x446;&#x438;&#x44F; &#x425;&#x430;&#x440;&#x44C;&#x43A;. &#x43E;&#x431;&#x43B;. &#x43F;&#x440;&#x430;&#x432;&#x43B;. &#x41D;&#x422;&#x41E; &#x447;&#x435;&#x440;&#x43D;&#x43E;&#x439; &#x43C;&#x435;&#x442;&#x430;&#x43B;&#x43B;&#x443;&#x440;&#x433;&#x438;&#x438;. &#x422;&#x440;&#x435;&#x441;&#x442; "&#x423;&#x43A;&#x440;&#x44D;&#x43D;&#x435;&#x440;&#x433;&#x43E;&#x447;&#x435;&#x440;&#x43C;&#x435;&#x442;. &#x421;&#x43E;&#x432;&#x435;&#x442; &#x41D;&#x422;&#x41E; &#x427;&#x41C; ... &#x421;&#x43E;&#x432;&#x435;&#x442; &#x41D;&#x422;&#x41E; &#x427;&#x41C; &#x41F;&#x440;&#x43E;&#x438;&#x437;&#x432;&#x43E;&#x434;&#x441;&#x442;&#x432;.-&#x442;&#x435;&#x445;&#x43D;. &#x43F;&#x440;&#x435;&#x434;&#x43F;&#x440;&#x438;&#x44F;&#x442;&#x438;&#x44F; ... &#x421;&#x43E;&#x432;&#x435;&#x442; &#x41D;&#x422;&#x41E; &#x427;&#x41C; &#x41F;&#x440;&#x43E;&#x435;&#x43A;&#x442;&#x43D;&#x43E;&#x433;&#x43E; &#x43E;&#x442;&#x434;. ... &#x41D;&#x430;&#x443;&#x447;.-&#x442;&#x435;&#x445;&#x43D;. &#x43A;&#x43E;&#x43D;&#x444;&#x435;&#x440;&#x435;&#x43D;&#x446;&#x438;&#x44F;, &#x43F;&#x43E;&#x441;&#x432;&#x44F;&#x449;. 100-&#x43B;&#x435;&#x442;&#x438;&#x44E; &#x441;&#x43E; &#x434;&#x43D;&#x44F; &#x440;&#x43E;&#x436;&#x434;&#x435;&#x43D;&#x438;&#x44F; &#x412;.&#x418;. &#x41B;&#x435;&#x43D;&#x438;&#x43D;&#x430;. 25 &#x43C;&#x430;&#x440;&#x442;&#x430; 1970 &#x433;.</subfield>
  </datafield>
  <datafield tag="210" ind1=" " ind2=" ">
    <subfield code="a">&#x425;&#x430;&#x440;&#x44C;&#x43A;&#x43E;&#x432;</subfield>
    <subfield code="c">&#x411;. &#x438;.</subfield>
    <subfield code="d">[1970]</subfield>
  </datafield>
  <datafield tag="215" ind1=" " ind2=" ">
    <subfield code="a">[1], 83 &#x441;.</subfield>
    <subfield code="d">21</subfield>
  </datafield>
  <datafield tag="309" ind1=" " ind2=" ">
    <subfield code="a">&#x41E;&#x442;&#x43F;&#x435;&#x447;. &#x43C;&#x43D;&#x43E;&#x436;&#x438;&#x442;. &#x430;&#x43F;&#x43F;&#x430;&#x440;&#x430;&#x442;&#x43E;&#x43C;</subfield>
  </datafield>
  <datafield tag="710" ind1="1" ind2="2">
    <subfield code="a">"&#x423;&#x43A;&#x440;&#x44D;&#x43D;&#x435;&#x440;&#x433;&#x43E;&#x447;&#x435;&#x440;&#x43C;&#x435;&#x442;", &#x442;&#x440;&#x435;&#x441;&#x442; (&#x425;&#x430;&#x440;&#x44C;&#x43A;&#x43E;&#x432;). &#x41D;&#x430;&#x443;&#x447;&#x43D;&#x43E;-&#x442;&#x435;&#x445;&#x43D;&#x438;&#x447;&#x435;&#x441;&#x43A;&#x430;&#x44F; &#x43A;&#x43E;&#x43D;&#x444;&#x435;&#x440;&#x435;&#x43D;&#x446;&#x438;&#x44F; (1970)</subfield>
  </datafield>
  <datafield tag="801" ind1=" " ind2="0">
    <subfield code="a">RU</subfield>
    <subfield code="b">NLR</subfield>
    <subfield code="g">psbo</subfield>
  </datafield>
  <datafield tag="801" ind1=" " ind2="1">
    <subfield code="a">RU</subfield>
    <subfield code="b">ELAR</subfield>
    <subfield code="2">rusmarc</subfield>
  </datafield>
  <datafield tag="852" ind1=" " ind2=" ">
    <subfield code="a">NLR</subfield>
    <subfield code="j">70-4/16157</subfield>
  </datafield>
  <datafield tag="942" ind1=" " ind2=" ">
    <subfield code="c">BOOK</subfield>
  </datafield>
  <datafield tag="980" ind1=" " ind2=" ">
    <subfield code="a">NB</subfield>
  </datafield>
  <datafield tag="995" ind1=" " ind2=" ">
    <subfield code="5">2013-10-26</subfield>
    <subfield code="b">NLR01</subfield>
    <subfield code="c">NLR01</subfield>
    <subfield code="e">RF31</subfield>
    <subfield code="f">7388257-10</subfield>
    <subfield code="k">70-4/16157</subfield>
    <subfield code="o">0</subfield>
    <subfield code="r">BOOK</subfield>
    <subfield code="s">70416157_</subfield>
  </datafield>
</record>
